LEADER 01294nam a2200289 i 4500 001 000000363153 003 CaOOAMICUS 005 20250613122224.0 008 250613s2025 it u000 u ita u 020 $a978-88-10-46021-4 040 $aSeMil$bita 100 1 $aLupi, Carlo,$d<1939-2020>.$0(OLS)http://semarc/name/57005 245 12$aI fondamenti della politica secondo Tommaso d'Aquino /$cCarlo Lupi ; a cura di Nicola Carozza ; presentazione di Pier Carlo Medinelli. 250 $aNuova ed. 264 1$aBologna :$bEDB,$c2025. 300 $a147 p. ;$c21 cm 490 1 $aEtica teologica oggi 650 4$aTommaso : d'Aquino - Pensiero politico.$0(OLS)http://semarc/subject/30331 700 1 $aCarozza, Nicola,$d<1980- >.$0(OLS)http://semarc/name/81039 700 1 $aMedinelli, Pier Carlo.$0(OLS)http://semarc/name/122194 830 0$aEtica .$0(OLS)http://semarc/title/446457 850 $aSeMil 852 $aSeMil$W1$xVenegono$y1$m2MA C 72$j258500$B254021$CSeMilBibl$Z2$F254021 $81 996 $6020$a978-88-10-46021-4$9(OLS)http://semarc/number/303354 996 $6245$aI fondamenti della politica secondo Tommaso d'Aquino$9(OLS)http://semarc/title/454292 996 $6264$aBologna :$bEDB$9(OLS)http://semarc/publisher/29669 LEADER 00995nam a2200217 i 4500 001 000000226154 003 CaOOAMICUS 005 20140109000000.0 008 140109s1910 it u000 u fre u 013 $a205056 040 $aSeMil$bita 100 1 $aViaud, Prosper.$0(OLS)http://semarc/name/78482 245 10$aNazareth et ses deux Églises de l'Annonciation et de Saint-Joseph /$cd'après les fouilles récentes pratiquées sous la direction du R. P. Prosper Viaud. 260 $aParis :$bAlphonse Picard et fils,$c1910. 300 $aXIII, 200 p. :$bill. ;$c27 cm. 500 $aContiene : Appendici. - In custodia. 650 4$aNazaret - Chiese.$0(OLS)http://semarc/subject/21944 850 $aSeMil 852 $aSeMil$W1$xVenegono$y1$m2W IV 1$j176500$B176500$CSeMilBibl$Z2$F187139 $81 996 $6245$aNazareth et ses deux Églises de l'Annonciation et de Saint-Joseph$9(OLS)http://semarc/title/323824 996 $6260$aParis :$bAlphonse Picard et fils$9(OLS)http://semarc/publisher/34600